مكتبة جامعة عجلون الوطنية

فهرس بحث المكتبة

البحث في التربية الخاصة: التصميمات والمناهج والتطبيقات=RESEARCH IN SPECIAL EDUCATION:DESIGENS,METHODS,AND APPLICATIONS (Record no. 30913)

MARC details
000 -LEADER
fixed length control field 01061nam a2200229Ii 4500
003 - CONTROL NUMBER IDENTIFIER
control field JO-AjNU
008 - FIXED-LENGTH DATA ELEMENTS--GENERAL INFORMATION
fixed length control field 230605s9999||||xx |||||||||||||| ||und||
017 ## - COPYRIGHT OR LEGAL DEPOSIT NUMBER
Copyright or legal deposit number 2019/7/3333
020 ## - INTERNATIONAL STANDARD BOOK NUMBER
International Standard Book Number 978-9957-92-213-9
040 ## - CATALOGING SOURCE
Original cataloging agency JO-AjNU
Language of cataloging ara
Description conventions rda
Transcribing agency JO-AjNU
041 ## - LANGUAGE CODE
Language code of text/sound track or separate title ara
050 14 - LIBRARY OF CONGRESS CALL NUMBER
Classification number LC3969.2020
100 3# - MAIN ENTRY--PERSONAL NAME
Personal name تأليف Phillip D.Rumrill, Bryan G.Cook مؤلفون مشاركون, Anderw L.Wiley؛ ترجمة علياء جمال حمدي,
Relator term author
9 (RLIN) 60618
245 00 - TITLE STATEMENT
Title البحث في التربية الخاصة: التصميمات والمناهج والتطبيقات=RESEARCH IN SPECIAL EDUCATION:DESIGENS,METHODS,AND APPLICATIONS
250 ## - EDITION STATEMENT
Edition statement الطبعة الاولى
264 31 - PRODUCTION, PUBLICATION, DISTRIBUTION, MANUFACTURE, AND COPYRIGHT NOTICE
Place of production, publication, distribution, manufacture عمان: دار الفكر ناشرون وموزعون، 2020
300 ## - PHYSICAL DESCRIPTION
Extent 286ص
Other physical details ويحتوي على قائمة مراجع من ص269ص- 286ص
336 ## - CONTENT TYPE
Content type term text
Content type code txt
Source rdacontent
337 ## - MEDIA TYPE
Media type term unmediated
Media type code n
Source rdamedia
338 ## - CARRIER TYPE
Carrier type term volume
Carrier type code nc
Source rdacarrier
650 #4 - SUBJECT ADDED ENTRY--TOPICAL TERM
Topical term or geographic name entry element التربية الخاصة-طرق التدريس-المناهج-التربية
9 (RLIN) 60619
Holdings
Withdrawn status Lost status Source of classification or shelving scheme Damaged status Not for loan Home library Current library Shelving location Date acquired Total Checkouts Full call number Barcode Date last seen Price effective from Koha item type
    Library of Congress Classification     مكتبة جامعة عجلون الوطنية مكتبة جامعة عجلون الوطنية المجموعات العامة 06/06/2023   LC3969.2020 A27345 06/06/2023 06/06/2023 Books